Central Library OPAC University of Rajshahi

টুসু / (Record no. 47829)

MARC details
000 -LEADER
fixed length control field 00756nam a2200229 a 4500
001 - CONTROL NUMBER
control field 47829
003 - CONTROL NUMBER IDENTIFIER
rucl marc code BD-RjUL
005 - DATE AND TIME OF LATEST TRANSACTION
control field 20211209054412.0
008 - FIXED-LENGTH DATA ELEMENTS--GENERAL INFORMATION
fixed length control field 160810s1998 ii a|||| |||| 00| 0 ben d
020 ## - INTERNATIONAL STANDARD BOOK NUMBER
International Standard Book Number 818736016X
Terms of availability : Tk. 150.00
035 ## - SYSTEM CONTROL NUMBER
System control number (BD-RjUL)47948
040 ## - CATALOGING SOURCE
Original cataloging agency BD-RjUL
Language of cataloging ben
Transcribing agency BD-RjUL
041 ## - LANGUAGE CODE
Language code of text/sound track or separate title ben
082 ## - DEWEY DECIMAL CLASSIFICATION NUMBER
Classification number 781.62
Author mark and year SIT 1998
100 ## - MAIN ENTRY--PERSONAL NAME
Personal name সিংহ, শান্তি
9 (RLIN) 123534
245 10 - TITLE STATEMENT
Title টুসু /
Statement of responsibility, etc. শান্তি সিংহ
260 ## - PUBLICATION, DISTRIBUTION, ETC. (IMPRINT)
Place of publication, distribution, etc. কলকাতা :
Name of publisher, distributor, etc. পশ্চিমবঙ্গ সরকার,
Date of publication, distribution, etc. ১৯৯৮
300 ## - PHYSICAL DESCRIPTION
Pagination [১৪], ৪০৪ পৃ. :
Illustrations চিত্র ;
Size ১৯ সেমি.
650 ## - SUBJECT ADDED ENTRY--TOPICAL TERM
Topical term or geographic name as entry element লোক সংগীত
9 (RLIN) 124945
Topical term or geographic name as entry element Folk Music
9 (RLIN) 145219
942 ## - ADDED ENTRY ELEMENTS (KOHA)
Source of classification or shelving scheme Dewey Decimal Classification
Koha item type Books
Holdings
Lost status Source of classification or shelving scheme Damaged status Not for loan Collection code Permanent Location Current Location Shelving location Date acquired Source of acquisition Cost, normal purchase price Total Checkouts Full call number Date last seen Copy number Koha item type
  Dewey Decimal Classification     Non-fiction Central Library, University of Rajshahi Central Library, University of Rajshahi   12/03/2008 Paragogn Enterprise, Dhaka 150.00   B 781.62 SIT 1998 10/08/2016 C-2 Books
  Dewey Decimal Classification     Non-fiction Central Library, University of Rajshahi Central Library, University of Rajshahi   12/03/2008 Paragogn Enterprise, Dhaka 150.00   B 781.62 SIT 1998 10/08/2016 C-3 Books
  Dewey Decimal Classification     Non-fiction Central Library, University of Rajshahi Central Library, University of Rajshahi   12/03/2008 Paragogn Enterprise, Dhaka 150.00   B 781.62 SIT 1998 10/08/2016 C-4 Books
  Dewey Decimal Classification     Non-fiction Central Library, University of Rajshahi Central Library, University of Rajshahi   12/03/2008 Dhaka,Paragon Enterprise Lit., 150.00   B 781.62 SIT 1998 23/11/2016 C-5 Books
  Dewey Decimal Classification   Not For Loan Non-fiction Central Library, University of Rajshahi Central Library, University of Rajshahi Reading Room 12/03/2008 Dhaka,Paragon Enterprise Lit., 150.00   B 781.62 SIT 1998 25/01/2017 C-1 Books